000 00657nam a22002417a 4500
003 UA-OsUOA
001 40192
007 ta
008 20080602b un ||||| |||| 00| 0 ukr d
100 _aТамаш Ю.
090 _a929
_bТ17
942 _cBK
040 _aUA-OsUOA
_bukr
_cUA-OsUOA
_dUA-OsUOA
245 _aГавриїл Костельник медзи доктрину и природу
300 _a351 с.
955 _a1
041 _aukr
080 _a929
260 _aНови Сад
_b"Руске слово"
_c1986
246 3 1 _aСтудия
650 7 _a9 Географія. Біографії. Історія
_2UDC
999 _c438699
_d438699